Affordable housing through the planning process (Record no. 69124)
[ view plain ]
| 000 -LEADER | |
|---|---|
| fixed length control field | 01143cam a2200217 4500 |
| 001 - CONTROL NUMBER | |
| control field | ABS64933 |
| 008 - FIXED-LENGTH DATA ELEMENTS--GENERAL INFORMATION | |
| fixed length control field | 011217n2001 000 0 eng u |
| 035 ## - SYSTEM CONTROL NUMBER | |
| System control number | (Sirsi) u116016 |
| 100 ## - MAIN ENTRY--PERSONAL NAME | |
| Personal name | Bishop, D. |
| 245 ## - TITLE STATEMENT | |
| Title | Affordable housing through the planning process |
| 260 ## - PUBLICATION, DISTRIBUTION, ETC. | |
| Date of publication, distribution, etc. | 2001 |
| 490 ## - SERIES STATEMENT | |
| Series statement | CSM (Chartered Surveyor Monthly) |
| Volume/sequential designation | November and December 2001, 23(2) |
| 520 ## - SUMMARY, ETC. | |
| Summary, etc. | Summarises the new research undertaken by RICS and the Housing Corporation which looks at the different approaches local authorities take in the provision of affordable housing. Concludes that the provision of this housing is considerably eased by clear local policies. The foundations for local delivery include increased clarity of affordable housing provisions and promotion of a better and more consistent understanding of the processes and issues affecting each party to the delivery of PPG3 affordable housing. |
| 590 ## - LOCAL NOTE (RLIN) | |
| Local note | ABS |
| 650 ## - SUBJECT ADDED ENTRY--TOPICAL TERM | |
| Topical term or geographic name entry element | PPG3 |
| 650 ## - SUBJECT ADDED ENTRY--TOPICAL TERM | |
| Topical term or geographic name entry element | TOWN AND COUNTRY PLANNING ACT 1971 |
| 650 ## - SUBJECT ADDED ENTRY--TOPICAL TERM | |
| Topical term or geographic name entry element | HOUSING CORPORATION |
| 650 ## - SUBJECT ADDED ENTRY--TOPICAL TERM | |
| Topical term or geographic name entry element | SOCIAL HOUSING |
| 690 ## - LOCAL SUBJECT ADDED ENTRY--TOPICAL TERM (OCLC, RLIN) | |
| Topical term or geographic name as entry element | ENVIRONMENTAL AND LAND CONSULTANCY-PLANNING AND DEVELOPMENT |
| 942 ## - ADDED ENTRY ELEMENTS (KOHA) | |
| Suppress in OPAC | 0 |
| Withdrawn status | Lost status | Source of classification or shelving scheme | Damaged status | Not for loan | Home library | Current library | Shelving location | Date acquired | Total Checkouts | Full call number | Barcode | Date last seen | Copy number | Price effective from | Koha item type |
|---|---|---|---|---|---|---|---|---|---|---|---|---|---|---|---|
| Dewey Decimal Classification | London | London | Journal article | 17/12/2001 | ABS64933 | 116016-1001 | 06/08/2019 | 1 | 06/08/2019 | Journal article |